9. medzinárodná vedecká konferencia zborník 4/2 : 14.-16. september 1993 Žilina

Bibliographic Details
Corporate Author: Medzinárodná vedecká konferencia Žilina, Slovensko (Author)
Other Authors: Gombitová, Janka, 1947- (Compiler), Herzáň, František, 1948- (Compiler)
Format: Conference Proceeding Book
Language:Slovak
Czech
English
German
PhysicalDescription:219 s. grafy, schémy 21 cm
Published: Žilina Vysoká škola dopravy a spojov 1993
ISBN:807100149X
Edition:1. vyd.
Subjects:

MARC

LEADER 00000cam a2200000 a 4500
001 vtls001073121
003 SK-MaSNL
005 20260301111025.0
008 161006s1993 xo a frn 10000 slo
015 |a SNBA1993/11 
020 |a 807100149X  |q (brožované) 
035 |a SNK000015952 
040 |a SNK  |b slo  |c SNK  |e AACR2 
041 0 |a slo  |a cze  |a eng  |a ger  |b eng  |b ger 
044 |a xo  |c SK 
072 7 |a 656  |x Doprava  |2 konspekt 
080 |a 656  |2 2011 
080 |a (062.534)  |2 2011 
111 2 |a Medzinárodná vedecká konferencia  |n (9. :  |d 1993 :  |c Žilina, Slovensko)  |4 aut  |9 381880 
245 1 0 |a 9. medzinárodná vedecká konferencia  |b zborník 4/2 : 14.-16. september 1993 Žilina  |c zostavili Janka Gombitová, František Herzáň 
246 3 |a Deviata medzinárodná vedecká konferencia 
246 3 |a 9th International Scientific Conference 
246 3 1 |a 9. internationale Wissenschaftliche Konferenz 
250 |a 1. vyd. 
260 |a Žilina  |b Vysoká škola dopravy a spojov  |c 1993  |e Žilina  |f Edičné stredisko VŠDS 
300 |a 219 s.  |b grafy, schémy  |c 21 cm 
366 |e 115 výtl. 
504 |a Obsahuje bibliografické odkazy 
546 |a Súbežný názov v angličtine a nemčine, články aj v češtine, nemčine a angličtine. Resumé anglicky a nemecky 
650 0 7 |a doprava  |2 SNKPH  |9 1777 
650 0 7 |a Transportation  |2 SNKPHeng  |9 267622 
655 7 |a zborníky konferencií  |2 SNKPH  |9 70153 
655 7 |a Proceedings of conferences  |2 SNKPHeng  |9 265791 
700 1 |a Gombitová, Janka,  |d 1947-  |4 com  |9 39401 
700 1 |a Herzáň, František,  |d 1948-  |4 com  |9 6550 
919 |a 80-7100-149-X 
954 |a odborná, vedecká literatúra pôvodná (slovenská)  |2 lita 
958 |a OND 
958 |a NB 
999 |c 705145  |d 707075 
952 |a SNK  |b SNK  |y VYP  |7 0  |p 17A0124152  |o snkSC 84560/4/2 D1  |0 0  |1 0  |4 0  |d 1998-03-02  |l 0  |r 2004-12-31 00:00:00  |w 2026-02-23 
952 |a SNK  |b SNK  |y PREZ  |7 0  |p 17A0026890  |o snkSC 84560/4/2  |0 0  |1 0  |4 0  |d 2000-10-25  |f 1  |l 0  |r 2025-08-22 00:00:00  |w 2026-02-23